Every Clash Royale Card (by Picture) - Statistics

General Stats
  • This quiz has been taken 1,377 times
  • The average score is 82 of 111
Answer Stats
Picture Answer % Correct
Skeleton King
96%
Golden Knight
95%
Miner
95%
The Log
95%
Ice Wizard
94%
Princess
94%
Bandit
93%
Fisherman
93%
Monk
93%
Archer Queen
92%
Electro Wizard
92%
Inferno Dragon
91%
Mighty Miner
91%
Royal Ghost
91%
Lumberjack
90%
Mega Knight
90%
Phoenix
90%
Graveyard
89%
Night Witch
89%
Sparky
89%
Lava Hound
88%
Magic Archer
88%
Mother Witch
88%
Ram Rider
88%
Mirror
77%
Goblin Barrel
76%
Baby Dragon
75%
Barbarian Barrel
75%
Poison
75%
Prince
75%
Rage
75%
Skeleton Army
75%
Tornado
75%
Witch
75%
Bowler
74%
Clone
74%
Dark Prince
74%
Electro Dragon
74%
Freeze
74%
Hunter
74%
Balloon
73%
Golem
73%
Guards
73%
P.E.K.K.A
73%
Executioner
72%
Fireball
72%
Goblin Drill
72%
Ice Golem
72%
Lightning
72%
Mini P.E.K.K.A
72%
X-Bow
72%
Dart Goblin
71%
Earthquake
71%
Electro Giant
71%
Giant
71%
Goblin Giant
71%
Heal Spirit
71%
Hog Rider
71%
Mega Minion
71%
Rocket
71%
Wizard
71%
Bats
70%
Bomb Tower
70%
Cannon Cart
70%
Fire Spirit
70%
Giant Skeleton
70%
Goblin Cage
70%
Goblins
70%
Inferno Tower
70%
Musketeer
70%
Tombstone
70%
Valkyrie
70%
Wall Breakers
70%
Archers
69%
Arrows
69%
Barbarian Hut
69%
Bomber
69%
Cannon
69%
Elixir Golem
69%
Goblin Hut
69%
Ice Spirit
69%
Knight
69%
Skeletons
69%
Zap
69%
Barbarians
68%
Electro Spirit
68%
Flying Machine
68%
Furnace
68%
Goblin Gang
68%
Minions
68%
Royal Hogs
68%
Spear Goblins
68%
Tesla
68%
Elite Barbarians
67%
Firecracker
67%
Mortar
67%
Royal Giant
67%
Three Musketeers
67%
Zappies
67%
Battle Healer
66%
Battle Ram
66%
Skeleton Barrel
66%
Skeleton Dragons
66%
Royal Delivery
65%
Minion Horde
64%
Giant Snowball
63%
Rascals
63%
Elixir Collector
62%
Royal Recruits
61%
Party Hut
47%
Party Rocket
46%
No matching quizzes found
Score Distribution
Percent of People with Each Score
Percentile by Number Answered
Your Score History
You have not taken this quiz